| 000 | 00380nam a22001697a 4500 | ||
|---|---|---|---|
| 005 | 20260209115637.0 | ||
| 020 | _a9798886130621 | ||
| 041 | _aEnglish | ||
| 082 | _a332.645 R24 BAC | ||
| 100 | _aBacha Obiyathulla Ismath | ||
| 245 | _aFinancial Derivatives | ||
| 250 | _a01 | ||
| 260 |
_aLondon _bWorld Scientific _c2024 |
||
| 300 | _a536 | ||
| 365 | _b2300.00 | ||
| 942 | _cBK | ||
| 999 |
_c176593 _d176593 |
||